Most Valuable Footballers - Surname Beginning With 'M' - Statistics

General Stats
  • This quiz has been taken 168 times
    73 since last reset
  • The average score is 10 of 25
Answer Stats
# CMV Club Answer % Correct
1 €180.00m Real Madrid Kylian Mbappé
93%
3 €110.00m Inter Milan Lautaro Martínez
93%
11 €50.00m Manchester United Lisandro Martínez
93%
2 €130.00m Bayern Munich Jamal Musiala
80%
5 €70.00m Arsenal Gabriel Martinelli
61%
7 €70.00m Tottenham Hotspur James Maddison
46%
4 €75.00m Brighton and Hove Albion Alexis Mac Allister
41%
8 €60.00m Real Madrid Éder Militão
38%
13 €50.00m Paris Saint-Germain Marquinhos
38%
6 €70.00m Arsenal Gabriel Magalhães
36%
14 €45.00m Brighton and Hove Albion Kaoru Mitoma
36%
12 €50.00m Arsenal Mikel Merino
34%
10 €55.00m Paris Saint-Germain Nuno Mendes
30%
18 €40.00m Brentford Bryan Mbeumo
29%
24 €35.00m Manchester United Mason Mount
29%
25 €32.00m Napoli Scott McTominay
27%
19 €40.00m Borussia Dortmund Donyell Malen
25%
9 €55.00m Manchester United Kobbie Mainoo
25%
16 €45.00m Paris Saint-Germain Randal Kolo Muani
18%
21 €38.00m AC Milan Mike Maignan
16%
22 €35.00m Nottingham Forest Murillo
16%
15 €45.00m Valencia Giorgi Mamardashvili
14%
23 €35.00m Chelsea Mykhaylo Mudryk
14%
20 €40.00m Real Sociedad Brais Méndez
11%
17 €40.00m Aston Villa Ian Maatsen
9%
No matching quizzes found
Score Distribution
Percent of People with Each Score
Percentile by Number Answered
Your Score History
You have not taken this quiz since the last reset